Komunikačné siete s viacerými SDN kontrolérmi

Enregistré dans:
Détails bibliographiques
Auteur principal: Kubica, Jakub (Auteur)
Autres auteurs: Trúchly, Peter (Directeur de thèse)
Format: Manuscrit Livre
Langue:slovaque
Publié: 2022
Sujets:
Accès en ligne:http://is.stuba.sk/zp/portal_zp.pl?podrobnosti=163860
Tags: Ajouter un tag
Pas de tags, Soyez le premier à ajouter un tag!

MARC

LEADER 00000ntm a22000003a 4500
001 stuzp90677
003 SK-STU
005 20220618212002.8
007 ta
008 150427s2015----xo-----f-mn---000-0-slo-d
040 |a STU  |b slo 
041 0 |a slo 
100 1 |a Kubica, Jakub  |u 070400  |4 aut  |U FIIT Fakulta informatiky a informačných technológií  |T FIIT Ústav počítačového inžinierstva a aplikovanej informatiky  |X 92066  |U I400  |Y 672  |7 92066 
242 0 1 |a Communication networks with multiple SDN controllers  |y eng 
245 1 0 |a Komunikačné siete s viacerými SDN kontrolérmi 
260 |c 2022 
650 4 |a Rozloženie záťaže  |2 slo 
650 4 |a SDN  |2 slo 
650 4 |a Viacero SDN kontrolérov  |2 slo 
650 4 |a SDN  |2 eng 
650 4 |a Multiple SDN controllers  |2 eng 
650 4 |a Load balancing  |2 eng 
700 1 |a Trúchly, Peter  |u 070400  |k Z1  |4 ths  |U FIIT Fakulta informatiky a informačných technológií  |T FIIT Ústav počítačového inžinierstva a aplikovanej informatiky  |X 1917  |U I400  |Y 672  |7 1917 
856 4 |u http://is.stuba.sk/zp/portal_zp.pl?podrobnosti=163860